[Event "EU-ch U12"]
[Site "Bratislava"]
[Date "2019.08.08"]
[Round "7"]
[White "Bologan, Anton"]
[Black "Kulich, Daniel"]
[Result "0-1"]
[WhiteElo "1075"]
[BlackElo "1233"]
[PlyCount "131"]
[EventDate "2019.08.02"]
[EventType "swiss"]
[EventRounds "9"]
[EventCountry "SVK"]
[SourceTitle "EXT 2020"]
[Source "ChessBase"]
[SourceDate "2019.10.17"]
[SourceVersion "1"]
[SourceVersionDate "2019.10.17"]
[SourceQuality "1"]

1. e4 c5 2. Nf3 d6 3. d4 cxd4 4. Nxd4 Nf6 5. Nc3 g6 6. Be2 Bg7 7. 0-0 Nc6 8. Bb5 Bd7 9. Re1 0-0 10. Bxc6 bxc6 11. Bg5 Rb8 12. Bxf6 Bxf6 13. Nb3 Qc7 14. Rb1 e6 15. Qd2 d5 16. f3 Be5 17. g3 Bc8 18. f4 Bd6 19. e5 Be7 20. a3 Qb6+ 21. Qe3 Qxe3+ 22. Rxe3 Rxb3 23. cxb3 Bc5 24. Nd1 Bxe3+ 25. Nxe3 Ba6 26. Rc1 Rc8 27. g4 Kf8 28. f5 Ke7 29. fxg6 hxg6 30. h4 Kd7 31. Rc2 Rb8 32. b4 Bd3 33. Rf2 Ke7 34. h5 Rh8 35. Rh2 gxh5 36. gxh5 f6 37. Ng4 fxe5 38. Nxe5 Rg8+ 39. Kf2 Bb5 40. h6 Kf6 41. h7 Rh8 42. Nd7+ Kg7 43. Ke3 Rxh7 44. Rxh7+ Kxh7 45. Nf8+ Kg7 46. Nxe6+ Kf6 47. Nc5 Ke5 48. a4 Bc4 49. b3 d4+ 50. Kf2 Bf7 51. a5 Kf4 52. Ke2 Bg6 53. Kd2 Kf3 54. Nd7 Kf4 55. Nb8 Be4 56. Na6 Bg6 57. Nb8 Be8 58. Kd3 Ke5 59. Kc4 Ke4 60. Na6 Bf7+ 61. Kc5 d3 62. b5 cxb5 63. Nb4 d2 64. Na2 Bxb3 65. Nc3+ Kd3 66. Kb4 0-1